| 000 | 00443nam a2200193Ia 4500 | ||
|---|---|---|---|
| 005 | 20240823033734.0 | ||
| 008 | 240823s9999||||xx |||||||||||||| ||und|| | ||
| 020 | _a978-81-222-0320-2 | ||
| 041 | _aENGLISH | ||
| 082 | _A158.1 Q2 | ||
| 100 | _aWindy Dryden | ||
| 245 | 0 | _a10 Steps to Positive Living | |
| 250 | _a1st | ||
| 260 |
_c2012 _bOrient Paper |
||
| 500 | _aYES | ||
| 650 |
_aPositive _bGeneral |
||
| 942 | _cBK | ||
| 999 |
_c196538 _d196538 |
||